|
|
|
|
| LEADER |
00000nam a2200000 a 4500 |
| 001 |
vtls010588042 |
| 003 |
SK-MaSNL |
| 005 |
20260301090525.0 |
| 008 |
180813s1961 xo f 100 0 slo |
| 015 |
|
|
|a SNBA1961
|
| 040 |
|
|
|a SNK
|b slo
|c SNK
|e AACR2
|
| 041 |
0 |
|
|a slo
|a cze
|
| 044 |
|
|
|a xo
|c SK
|
| 080 |
|
|
|a 621.311
|2 2001
|
| 080 |
|
|
|a (062.534)
|2 2001
|
| 245 |
0 |
0 |
|a Sborník prednášok z konferencie o riadení a regulácii výroby elektrickej energie
|b (pokračovanie referátov, diskusné príspevky a obrázková časť)
|
| 260 |
|
|
|a Bratislava
|b Dom techniky
|c 1961
|
| 300 |
|
|
|a 184 s.
|c 4°
|
| 546 |
|
|
|a Čiast. text čes.
|
| 650 |
0 |
7 |
|a výroba elektrickej energie
|2 SNKPH
|9 60028
|
| 655 |
|
7 |
|a zborníky konferencií
|2 SNKPH
|9 70153
|
| 958 |
|
|
|a OND
|
| 958 |
|
|
|a RM
|
| 999 |
|
|
|c 668421
|d 670351
|
| 952 |
|
|
|a SNK
|b SNK
|y PREZ
|7 0
|p 17A0852041
|o snkSB 44437/B
|i snkD 61/89
|8 1
|0 0
|1 0
|4 0
|d 2014-04-07
|f 1
|l 0
|r 2026-02-23 19:17:26
|w 2026-02-23
|